00892nam a2200205 a 450000100060000000300090000600800410001502000180005604000280007408200170010210000250011924500780014426000270022230000100024950502500025965000500050965000260055965000500058565000510063522788CO-ViMGA141112s2004 ck r 000 u spa d a9789701512722 aCO-ViMGAbspacCO-ViMGA04a005.72 P373d1 aPerez Lopéz, Cesar10aDreamweaver 8 : bDesarrollo de Páginas web dinámicas con php y mysql aMéxico : bAlfaomega a488p. aInatalacion y entorno de trabajo para el desarrollo de aplicaiones php, Configuracion de Dreamwear 8 para aplicaciones php, Diseño y crecaion de bases de datos mysql, Instalacion y entorno de trabajo mysql, Conexiones de bases de datos mysql14aDISEÑO GRAFICO - PROGRAMAS PARA COMPUTADOR 14aDISEÑO PAGINAS WEB 14aDREAMWEAVER 8 (PROGRAMACION PARA COMPUTADOR) 14aPHP (LENGUAJE DE PROGRAMACION DE COMPUTADORES)